Stonehenge: wiltshire

Gorde:
Xehetasun bibliografikoak
Egile nagusia: Newall, R. S. (Egilea)
Formatua: Liburua
Hizkuntza:ingelesa
Argitaratua: Londres Her Majesty's Stationery Office 1977
Gaiak:
Etiketak: Etiketa erantsi
Etiketarik gabe, Izan zaitez lehena erregistro honi etiketa jartzen!

MARC

LEADER 00000nam a2200000 a 4500
001 UCZ3552
003 CL-VaPUC
008 951027e19770000UK |||||||||||||||||eng|d
082 0 4 |a 720.942  |b NEW  |2 21 
100 |a Newall, R. S.  |e author  |9 347353 
245 1 0 |a Stonehenge: wiltshire 
300 |a 34 p 
942 |c BK 
945 |d 19951027 00:00:00  |a rbrito 
260 |a Londres  |b Her Majesty's Stationery Office  |c 1977 
650 0 |a Monumentos  |9 265246 
650 0 |a Prehistoria  |9 316557 
650 0 |a Arquitectura en piedra   |9 347354 
651 0 |a Inglaterra  |9 255158 
583 |a last modification  |c 19951027 00:00:00  |k Rodrigo Vera 
999 |c 240015  |d 240013 
952 |0 0  |1 0  |4 0  |6 720_942000000000000_NEW_1977  |7 0  |8 F  |9 251601  |a BIBARQ  |b BIBARQ  |d 2019-11-18  |i 3145050  |o 720.942 NEW 1977  |p 3145050  |r 2025-01-20  |w 2019-11-18  |y BK_F  |k ARQ